1589 1111 1526 1056 1293 1348 1451 1385 1924 1036 1704 1835 1201 1420 1882 1892 1595 1975 1762 1696 1783 1076 1505 1140 1009 1574 1984 1734 1391 1153 1723 1743 1048 1439 1749 1865 1179 1765 1404 1114 1082 1126 1097 1251 1014 1761 1450 1056 1220 1310 1631 1501 1116 1496 1170 1935 1298 1319 1922 1884 1977 1674 1147 1926 1226 1337 1410 1668 1102 1047 1774 1527 1042 1468 1417 1900 1996 1820 1303 1511 1982 1387 1685 1919 1219 1061 1948 1065 1434 1953 1886 1244 1425 1024 1810 1259 1383 1182 1701 BCNSPRNW ULIB Ver.6.0+V

เปลี่ยนเป็นภาษาไทย

Change to English
 แสดงรายละเอียดบรรณานุกรม
  กลับหน้าหลัก

Brief Record : Get Marc (ISO 2709) : E-mail record : QR code < ปิดหน้าต่าง
LEADER : 00000nam 2200000uu 4500
001    13399114238
003     ULIB
008    020711s2003 th a 000 0 eng d
020    ^a080892379X
060    ^aQS17^bN474A
100    ^aNetter Frank H.
110    ^aELSEVIER
245    ^aAtlas of human anatomy /^cNetter Frank H.
260    ^aUSA :^bSaunders/ELSEVIER,^c2003
300    ^a580 pages
650    Human anatomy
945    ^p2300^l0^i021763
945    ^p2300^l0^i028752
รายการนี้ยังไม่มีแท็ก
คุณยังไม่ได้ล็อกอิน คุณสามารถมีกิจกรรมร่วมกับเว็บไซต์ได้ แต่ต้องล็อกอินก่อน ::
  ล็อกอิน

รายการสื่อสารสนเทศ

ลำดับที่ ประเภท เลขเรียก/บาร์โค้ด สถานที่ สถานะ
1. วิทยาศาสตร์การแพทย์ และสุขภาพ
วิทยาศาสตร์การแพทย์ และสุขภาพ
สถานะ=หนังสือเก่า
QS17 N474A C.2 
  Barcode: 028752
ห้องสมุดวิทยาเขตสวรรค์ประชารักษ์
►ส่วนจัดเก็บหนังสือเก่า สปร
บนชั้น
  ขอยืม

รายการใกล้เคียง
    ผู้แต่ง [Netter Frank H.]

    หัวเรื่อง [Human anatomy]

BibComment


ยังไม่เคยถูกคอมเมนท์

คอมเมนท์ทรัพยากรรายการนี้
  คอมเมนท์: Atlas of human a..


 Copyright 2026. Bcnsprnw @Library